| 000 | 00889cam a2200301 a 4500 | ||
|---|---|---|---|
| 999 |
_c9994 _d9994 |
||
| 001 | 9994 | ||
| 003 | BD-JhCC | ||
| 005 | 20180404102717.0 | ||
| 008 | 180404s1988 caua 001 0 eng | ||
| 020 | _a0534090788 (pbk.) | ||
| 035 | _a(BD-JhCC)9994 | ||
| 040 |
_aDLC _cDLC _dDLC _dBD-JhCC |
||
| 041 | _aeng | ||
| 050 | 1 | 0 |
_aQA107 _b.J64 1988 |
| 082 | 0 | 0 |
_a513/.142 _219 _bJOH 1988 |
| 100 | 1 |
_aJohnston, C. L. _q(Carol Lee), _d1911- |
|
| 245 | 1 | 0 |
_aEssential arithmetic / _cC.L. Johnston, Alden T. Willis, Jeanne Lazaris. |
| 250 | _a5th ed. | ||
| 260 |
_aBelmont, Calif. : _bWadsworth Pub. Co., _cc1988. |
||
| 300 |
_axii, 628 p. : _bill. ; _c28 cm. |
||
| 490 | 1 | _aThe Johnston/Willis developmental mathematics series | |
| 500 | _aIncludes index. | ||
| 650 | 0 | _aArithmetic. | |
| 700 | 1 | _aWillis, Alden T. | |
| 700 | 1 |
_aLazaris, Jeanne, _d1932- |
|
| 942 |
_2ddc _cBK |
||